Appalachian Trail Counties Quiz - Statistics

General Stats
  • This quiz has been taken 20 times
  • The average score is 27 of 85
Answer Stats
State County % Correct
Maryland Washington
87%
Virginia Washington
87%
Tennessee Greene
73%
Virginia Greene
73%
West Virginia Jefferson
67%
North Carolina Madison
60%
Pennsylvania Monroe
53%
West Virginia Monroe
53%
Pennsylvania Berks
47%
New Hampshire Coös
47%
Maine Franklin
47%
Pennsylvania Franklin
47%
Maryland Frederick
47%
Connecticut Litchfield
47%
New York Orange
47%
New York Putnam
47%
Massachusetts Berkshire
40%
New York Dutchess
40%
Virginia Montgomery
40%
Maine Oxford
40%
New Jersey Passaic
40%
New York Rockland
40%
Maine Somerset
40%
Tennessee Sullivan
40%
New Jersey Sussex
40%
New Jersey Warren
40%
Virginia Warren
40%
New York Westchester
40%
Vermont Windham
40%
New Hampshire Carroll
33%
North Carolina Clay
33%
Pennsylvania Cumberland
33%
North Carolina Haywood
33%
Pennsylvania Lehigh
33%
North Carolina Macon
33%
Maine Piscataquis
33%
Virginia Rockingham
33%
Vermont Rutland
33%
Tennessee Sevier
33%
North Carolina Swain
33%
Vermont Windsor
33%
North Carolina Avery
27%
Virginia Bedford
27%
Vermont Bennington
27%
Tennessee Blount
27%
Pennsylvania Carbon
27%
Tennessee Cocke
27%
Pennsylvania Dauphin
27%
New Hampshire Grafton
27%
North Carolina Graham
27%
Virginia Grayson
27%
Tennessee Johnson
27%
North Carolina Mitchell
27%
Pennsylvania Northampton
27%
Virginia Page
27%
Virginia Roanoke
27%
Pennsylvania Schuylkill
27%
Virginia Tazewell
27%
Georgia Union
27%
Georgia White
27%
Virginia Wythe
27%
North Carolina Yancey
27%
Virginia Bland
20%
Virginia Clarke
20%
Virginia Craig
20%
Pennsylvania Lebanon
20%
Virginia Nelson
20%
Pennsylvania Perry
20%
Georgia Rabun
20%
Virginia Rockbridge
20%
Virginia Smyth
20%
Tennessee Unicoi
20%
Virginia Augusta
13%
Virginia Botetourt
13%
Tennessee Carter
13%
Virginia Giles
13%
Virginia Loudoun
13%
Georgia Lumpkin
13%
Virginia Rappahannock
13%
Georgia Towns
13%
Virginia Albemarle
7%
Virginia Amherst
7%
Georgia Fannin
7%
Virginia Fauquier
7%
Georgia Habersham
7%
No matching quizzes found
Score Distribution
Percent of People with Each Score
Percentile by Number Answered
Your Score History
You have not taken this quiz